එක ගෙයි අවුරුද්ද (Record no. 74111)
[ view plain ]
| 000 -LEADER | |
|---|---|
| fixed length control field | 00479nam a2200169Ia 4500 |
| 008 - FIXED-LENGTH DATA ELEMENTS--GENERAL INFORMATION | |
| fixed length control field | 100401t1971 xxu||||| |||| 00| 0 sin d |
| 041 ## - LANGUAGE CODE | |
| Language code of text/sound track or separate title | Sinhala; Sinhalese |
| 080 ## - UNIVERSAL DECIMAL CLASSIFICATION NUMBER | |
| Universal Decimal Classification number | X8S32 |
| Item number | JAY |
| 942 ## - ADDED ENTRY ELEMENTS (KOHA) | |
| Koha item type | Books |
| 003 - CONTROL NUMBER IDENTIFIER | |
| control field | LK-CoDNM |
| 040 ## - CATALOGING SOURCE | |
| Original cataloging agency | LK-CoDNM |
| Modifying agency | LK-CoDNM |
| Description conventions | LK-CoDNM |
| 100 ## - MAIN ENTRY--PERSONAL NAME | |
| Personal name | Jayatilaka, K. |
| 245 ## - TITLE STATEMENT | |
| Title | එක ගෙයි අවුරුද්ද |
| 246 ## - VARYING FORM OF TITLE | |
| Title proper/short title | Eka Geyi Avruddha ( LIB 63 / 6 /25 ) |
| 260 ## - PUBLICATION, DISTRIBUTION, ETC. (IMPRINT) | |
| Name of publisher, distributor, etc. | Pradeepa |
| Place of publication, distribution, etc. | Colombo |
| Date of publication, distribution, etc. | 1971 |
| -- | 1979 |
| -- | 1986 |
| -- | 1996 |
| -- | 2005 |
| 300 ## - PHYSICAL DESCRIPTION | |
| Extent | 163p., 21 cm |
| Withdrawn status | Lost status | Damaged status | Not for loan | Collection code | Permanent Location | Current Location | Date acquired | Full call number | Barcode | Koha item type |
|---|---|---|---|---|---|---|---|---|---|---|
| Novels | Library National Museum Colombo - Sri Lanka | Library National Museum Colombo - Sri Lanka | 2010-04-01 | X8S32 JAY | 110958 | Books | ||||
| Novels | Library National Museum Colombo - Sri Lanka | Library National Museum Colombo - Sri Lanka | 2010-04-01 | X8S32 JAY | 117688 | Books | ||||
| Novels | Library National Museum Colombo - Sri Lanka | Library National Museum Colombo - Sri Lanka | 2010-04-01 | X8S32 JAY | 131494 | Books |


